| 000 | 00560nam a2200217 a 4500 | ||
|---|---|---|---|
| 005 | 20210219152912.0 | ||
| 008 | 991125n 000 0 eng u | ||
| 035 | _aUPN01000066324 | ||
| 100 | _aWillis, Scott | ||
| 222 | _aINSTRUCTOR | ||
| 245 | _aBuilding better thinkers | ||
| 300 | _a43-49 | ||
| 362 | _a1993 102, No. 6 | ||
| 505 | _aAgosto 1993 | ||
| 653 | 0 | _aDESARROLLO DE HABILIDADES | |
| 653 | 0 | _aDESTREZAS DEL PENSAMIENTO | |
| 653 | 0 | _aMETODOS DE ENSE\197ANZA | |
| 653 | 0 | _aPENSAMIENTO CRITICO | |
| 904 |
_aAC _b004135 |
||
| 905 | _aArticulo | ||
| 999 |
_c63451 _d63451 |
||